000 00680nam a2200205Ia 4500
003 GCL
008 140319s9999 xx 000 0 ara d
040 _aGCL /
_cGCL
082 0 4 _a811.009
_bا ا
100 1 _aاحمد عودالله الشقيرات
245 1 0 _aالاغتراب فى شعر بدر شاكرالسياب /
_cاحمد عودالله الشقيرات
260 _a[S.N] :
_bدار عمار للنشر والتوزيع ،
_c1987
300 _a176 ص
490 _a
650 0 4 _aالشعر العربى
650 0 4 _aالادب العربى
650 0 4 _aتاريخ ونقد
650 0 4 _aالادب العربى - تاريخ ونقد
942 _2ddc
_cBK
999 _c34587
_d34587